| 000 | 00391nam a2200097Ia 4500 | ||
|---|---|---|---|
| 008 | 180130s9999 xx 000 0 und d | ||
| 245 |
_cBrown-Chidsey, Rachel; Andren, Kristen J. _aSolution-focused psychoeducational reports |
||
| 260 | _c2013 | ||
| 300 | _aBook title: Assessment for intervention : a problem-solving approach--Acession number C17203; pages 253-276 | ||
| 650 | _aSCHOOL PSYCHOLOGY | ||
| 999 |
_c353717 _d353717 |
||